=LDR 00000nam 2200000 4500 =001 INLIS000000000001709 =005 20130612090116 =008 ***********************************Ind** =035 ##$$0010-061300000001709 =041 ##$$a Ind =082 ##$$a 574.071 2 =090 ##$$a 574.071 2, Kon =245 ##$$a Konsep hidup untuk SMA, Dra.Tintin Atika...[et al.] =260 ##$$a 1992 $b Bandung =300 ##$$a ii, 68 hlm, ilus, 28 cm =650 ##$$a Biologi =650 ##$$a Studi dan pengajaran =700 ##$$a Atika, Tintin =850 ##$$a NBPNMAT